Loading...
| Literature - British | 0 | 9 | 0 | 2 | 90 | 36 | 64.11 | 1 | 5 | 36.15 | 54.39 |
| Mythology | 0 | 7 | 0 | 0 | 70 | 41 | 61.00 | 1 | 3 | 29.43 | 45.32 |
| Literature - European | 0 | 6 | 2 | 1 | 50 | 24 | 55.50 | 2 | 5 | 28.23 | 47.00 |
| Literature - American | 0 | 6 | 2 | 0 | 50 | 26 | 51.83 | 1 | 4 | 31.36 | 38.98 |
| Literature - World | 0 | 5 | 1 | 0 | 45 | 70 | 79.00 | 0 | 2 | 15.56 | 27.73 |
| Science - Other | 0 | 3 | 1 | 0 | 25 | 74 | 84.33 | 0 | 0 | 7.15 | 9.05 |
| Fine Arts - Painting and Sculpture | 0 | 3 | 1 | 0 | 25 | 32 | 61.33 | 0 | 1 | 12.07 | 18.48 |
| Science - Biology | 0 | 2 | 0 | 1 | 20 | 50 | 80.00 | 0 | 1 | 4.72 | 8.03 |
| Science - Chemistry | 0 | 2 | 0 | 0 | 20 | 49 | 50.50 | 0 | 1 | 8.53 | 10.95 |
| Current Events | 0 | 1 | 0 | 0 | 10 | 79 | 79.00 | 0 | 0 | 5.37 | 3.33 |
| Fine Arts - Other | 0 | 1 | 0 | 0 | 10 | 66 | 66.00 | 0 | 1 | 3.83 | 5.30 |
| History - American | 0 | 1 | 0 | 1 | 10 | 101 | 101.00 | 0 | 0 | 0.74 | 0.83 |
| History - European | 0 | 1 | 0 | 0 | 10 | 35 | 35.00 | 0 | 1 | 5.84 | 6.36 |
| History - Other | 0 | 2 | 2 | 0 | 10 | 55 | 79.50 | 0 | 1 | 5.76 | 13.88 |
| Philosophy | 0 | 1 | 0 | 0 | 10 | 74 | 74.00 | 0 | 0 | 3.34 | 2.08 |
| Popular Culture | 0 | 1 | 0 | 1 | 10 | 66 | 66.00 | 0 | 0 | 5.71 | 4.76 |
| Religion | 0 | 1 | 1 | 0 | 5 | 71 | 71.00 | 0 | 0 | 3.38 | 2.27 |
| Science - Physics | 0 | 1 | 1 | 0 | 5 | 96 | 96.00 | 0 | 0 | 1.01 | 4.55 |
| Social Science | 0 | 0 | 1 | 0 | -5 | 0.00 | 0 | 0 | 0.00 | 0.00 |